000
00243 a2200085 4500
020
_a
9781864704334
100
_a
Adrian Smith and Gordon Gill
245
_a
Toward Zero Carbon: The Chicago Central Area Decarbonization Plan
260
_b
Images
_c
2011
999
_c
13677
_d
13677